Loading...

SUSRUTASAMHITA: PART I

Bibliographic Details
Main Author: SUSRUTA MAHARSI
Other Authors: AMBIKADUTTA SHASTRI
Format: Printed Book
Published: BENARAS CHAUKHAMBHA SANSKRIT SANSTHAN 1993
Subjects:
LEADER 00444nam a2200169 4500
020
082
100 |a SUSRUTA MAHARSI 
245 |a SUSRUTASAMHITA: PART I  |h SANSKRIT 
250
260 |a BENARAS  |b CHAUKHAMBHA SANSKRIT SANSTHAN  |c 1993 
300 |f HB 
650 |a SUSRUTASAMHITA: PART I 
700 |a AMBIKADUTTA SHASTRI 
942 |c BK 
999 |c 159005  |d 159005 
952 |0 0  |1 0  |4 0  |7 0  |9 172462  |a ORI  |b ORI  |l 0  |p ORI1972/E  |r 2019-10-25  |w 2019-10-25  |y BK